Normal view MARC view
  • Kinney, Jeff

Entry Personal Name

Number of records used in: 12

001 - CONTROL NUMBER

  • control field: 9286

003 - CONTROL NUMBER IDENTIFIER

  • control field: NUST

005 - DATE AND TIME OF LATEST TRANSACTION

  • control field: 20180120154419.0

008 - FIXED-LENGTH DATA ELEMENTS

  • fixed length control field: 180120|| aca||aabn | a|a d

040 ## - CATALOGING SOURCE

  • Original cataloging agency: NUST
  • Transcribing agency: NUST

100 ## - HEADING--PERSONAL NAME

  • Personal name: Kinney, Jeff

670 ## - SOURCE DATA FOUND

  • Source citation: Work cat.: (NUST)321835: Kinney, Jeff, Diary of a wimpy Kid, Do it yourself book, 2008
© 2023 Central Library, National University of Sciences and Technology. All Rights Reserved.